Mystery Taylor Swift Song #102 - Statistics

General Stats
  • This quiz has been taken 263 times
  • The average score is 66 of 106
Answer Stats
Song % Correct
a
92%
I
92%
Speak Now
91%
You
90%
and
88%
me
86%
the
86%
to
86%
your
84%
we
83%
You're
82%
it
81%
my
81%
no
81%
ever
80%
I'm
80%
on
79%
be
78%
this
78%
all
77%
can't
77%
don't
77%
go
77%
had
77%
like
77%
have
75%
know
74%
see
74%
It's
73%
not
73%
now
73%
But
72%
Haunted
72%
haunted
72%
I'd
72%
leave
72%
out
72%
time
72%
was
72%
He
71%
Come
70%
thought
70%
back
69%
just
69%
never
69%
what
69%
gone
68%
Oh
68%
walk
67%
wanted
67%
figured
66%
line
66%
Something
65%
too
65%
fragile
64%
known
62%
said
61%
every
60%
From
58%
nothing
58%
there
58%
Won't
58%
wrong
57%
break
56%
live
56%
will
56%
away
54%
breath
54%
everything
54%
holding
54%
make
54%
Something's
54%
take
54%
again
53%
terribly
53%
made
52%
big
51%
eyes
51%
anything
50%
mistake
49%
whenever
49%
try
48%
turn
48%
cold
46%
breathe
45%
over
45%
pain
45%
quiet
45%
still
45%
word
45%
getting
44%
mean
44%
coming
43%
dark
43%
trust
43%
wishing
43%
keeps
42%
lose
42%
smile
41%
instead
40%
whole
40%
finish
38%
started
38%
might
37%
watched
37%
Stood
36%
No matching quizzes found
Score Distribution
Percent of People with Each Score
Percentile by Number Answered
Your Score History
You have not taken this quiz